|
|
|
|
| LEADER |
01088cam a2200253 7i4500 |
| 001 |
0000080296 |
| 005 |
20231027090000.0 |
| 020 |
|
|
|a 9783031179372 (electronic book)
|
| 090 |
0 |
0 |
|a QA76.88
|b .H54 2023
|
| 245 |
0 |
0 |
|a High performance computing in science and engineering '21 :
|b transactions of the High Performance Computing Center, Stuttgart (HLRS) 2021
|c Wolfgang E. Nagel, Dietmar H. Kroner, Michael M. Resch, editors.
|
| 264 |
|
|
|a Switzerland:
|b Springer,
|c 2023.
|
| 300 |
|
|
|a 1 online resource (viii, 529 pages):
|b illustrations, text file, PDF.
|
| 336 |
|
|
|a text
|2 rdacontent
|
| 337 |
|
|
|a computer
|2 rdamedia
|
| 338 |
|
|
|a online resource
|2 rdacarrier
|
| 650 |
|
0 |
|a High performance computing --
|x Congresses
|
| 655 |
|
0 |
|a Electronic books
|
| 700 |
1 |
|
|a Nagel, Wolfgang E.
|
| 700 |
1 |
|
|a Kroner, Dietmar H.
|
| 700 |
1 |
|
|a Resch, Micheal M.
|
| 856 |
4 |
2 |
|u http://library.unisel.edu.my/web/guest/mylibrary
|
| 997 |
|
|
|a Communication, Visual Art & Computing, Faculty
|b Computing, Department
|
| 998 |
|
|
|a Computer Science, Degree
|
| 999 |
|
|
|a EBO0022406
|b EBOOK
|c EBOOK
|e Electronic resources
|